书目信息 |
| 题名: |
数学模拟试题与解析
|
|
| 作者: | 刘庆华 主编 | |
| 分册: | ||
| 出版信息: | 北京 清华大学出版社 2005.06 |
|
| 页数: | 148页 | |
| 开本: | 20cm | |
| 丛书名: | ||
| 单 册: | ||
| 中图分类: | O13-44 | |
| 科图分类: | ||
| 主题词: | ||
| 电子资源: | ||
| ISBN: | 7-302-11187-1 | |
| 000 | 00535nam0 2200181 450 | |
| 001 | 0654829793 | |
| 005 | 20081028091207.53 | |
| 010 | @a7-302-11187-1@dCNY 19.00 | |
| 100 | @a20060427d2005 km y0chiy0120 ea | |
| 101 | 0 | @achi |
| 102 | @aCN@b110000 | |
| 200 | 1 | @a数学模拟试题与解析@Ashu xue mo ni shi ti yu jie xi@f刘庆华主编@Fliu qing hua zhu bian |
| 210 | @a北京@c清华大学出版社@d2005.06 | |
| 215 | @a148页@d20cm | |
| 690 | @aO13-44@v4 | |
| 701 | 0 | @a刘庆华@Aliu qing hua@4主编 |
| 801 | 0 | @aCN@bPFT@c20081028 |
| 905 | @a10447@dO13-44@eL662 | |
| 数学模拟试题与解析/刘庆华主编.-北京:清华大学出版社,2005.06 |
| 148页;20cm |
| ISBN 7-302-11187-1:CNY 19.00 |
| ● |
| 相关链接 |
|
|
|
正题名:数学模拟试题与解析
索取号:O13-44/L662
 
预约/预借
| 序号 | 登录号 | 条形码 | 馆藏地/架位号 | 状态 | 备注 |
| 1 | 460252 | 204602527 | 自科库401/401自科库 39排4列2层/ [索取号:O13-44/L662] | 在馆 | |
| 2 | 602119 | 206021197 | 自科库401/401自科库 39排4列2层/ [索取号:O13-44/L662] | 在馆 | |
| 3 | 602120 | 206021204 | 自科库401/401自科库 39排4列2层/ [索取号:O13-44/L662] | 在馆 |